00563nam a2200193Ia 450000500170000000800410001708200130005810000180007124500260008926000280011530000120014365000220015565000200017765000140019765000380021194200060024995200990025599900150035420250325050314.0240331s9999 xx 000 0 und d bRAMa894 aRamanathan, R 0aThamilar adaiyalankal aChennaibThanaanec2004 a213 p., amarabu vali unavu akalai ilakkiyam avalippadu amarabuvali ariviyal tholi nootpam cL 001040708LaWERCLbWERCLcSSCd2024-03-31l0o 894.811 RAMp1987r2024-03-31w2024-03-31yL c4160d4160